000 00666nam a2200241Ia 4500
003 OSt
005 20220817115137.0
008 220817b |||||||| |||| 00| 0 eng d
020 _a0 273 62381 8
040 _cIFM Library
082 _a658.72
100 _aBaily, Peter
_95398
245 _aPurchasing Principles and Management
250 _a8th ed.
260 _aLondon:
260 _bFinancial Times Pitman Publishing
260 _c1998
300 _ax, 406p.
_b:ill. ; 25cm
500 _aIncludes Bibliographical, References and Index
650 _aPurchasing
_95954
700 _aDavid Farmer, David Jessop and David Jones
_95955
942 _cBK
_2ddc
_n0
999 _c6405
_d6405